000 00319nam a22001337a 4500
008 170529b xxu||||| |||| 00| 0 eng d
020 _a8007653131
041 _aeng
080 _a94(7/8)
100 _a16
101 _aSHH
245 _aREADINGS ON THE CONTEMPORARY AMERICAN GONVERNMENT
_cWALKER, T
942 _2udc
_cBK
999 _c14939
_d14939